| 000 | 02442cam a2200637 i 4500 | ||
|---|---|---|---|
| 001 | 6003 | ||
| 003 | FISKH | ||
| 005 | 20250225092248.0 | ||
| 008 | 180516s2019 nyua j 000 f eng d | ||
| 010 | _a 2018945027 | ||
| 020 |
_a9781250196576 _q(hardcover) |
||
| 020 |
_a9781250769244 _q$11.00 |
||
| 020 |
_a1250196574 _q(hardcover) |
||
| 035 | _a(OCoLC)on1028907336 | ||
| 040 |
_aYDX _beng _cYDX _erda |
||
| 050 | _aPZ7.T211135 M | ||
| 082 | _a813.6 | ||
| 100 | 1 |
_aTashjian, Janet, _eauthor. |
|
| 245 | 1 | 0 |
_aMy life as a meme / _cJanet Tashjian ; with cartoons by Jake Tashjian. |
| 250 | _aFirst Square Fish edition, 2021 | ||
| 260 |
_aNew York : _bSquare Fish, _c2019 |
||
| 300 |
_a232 pages : _billustrations ; _c20 cm. |
||
| 336 |
_atext _btxt _2rdacontent |
||
| 337 |
_aunmediated _bn _2rdamedia |
||
| 338 |
_avolume _bnc _2rdacarrier |
||
| 500 | _a"Christy Ottaviano Books." | ||
| 520 |
_aDerek Fallon and his friends are back for another unprecedented adventure in Book 8 of the My Life series--this time featuring epic memes!-- _cPublisher's description. |
||
| 650 | 0 |
_aSchools _vJuvenile fiction. |
|
| 650 | 0 |
_aFamilies _zCalifornia _zLos Angeles _vJuvenile fiction. |
|
| 650 | 0 |
_aFriendship _vJuvenile fiction. |
|
| 650 | 1 |
_aMemes _vFiction. |
|
| 650 | 1 |
_aFriendship _vFiction. |
|
| 650 | 1 |
_aMiddle schools _vFiction. |
|
| 650 | 1 |
_aSchools _vFiction. |
|
| 650 | 1 |
_aFamily life _vFiction. |
|
| 650 | 1 | _aChildren's art. | |
| 650 | 4 |
_aSchools _vChildren's fiction. |
|
| 650 | 7 |
_aJUVENILE FICTION / Social Themes / Adolescence & Coming of Age. _2bisacsh |
|
| 650 | 7 |
_aJUVENILE FICTION / School & Education. _2bisacsh |
|
| 650 | 7 |
_aJUVENILE FICTION / Social Themes / Friendship. _2bisacsh |
|
| 650 | 7 |
_aFamilies. _2fast _0(OCoLC)fst01728849 |
|
| 650 | 7 |
_aSchools. _2fast _0(OCoLC)fst01107958 |
|
| 651 | 0 |
_aLos Angeles (Calif.) _vJuvenile fiction. |
|
| 651 | 1 |
_aLos Angeles (Calif.) _vFiction. |
|
| 651 | 4 |
_aLos Angeles (Calif.) _vChildren's fiction. |
|
| 651 | 7 |
_aCalifornia _zLos Angeles. _2fast _0(OCoLC)fst01204540 |
|
| 655 | 0 | _aChildren's stories. | |
| 655 | 7 |
_aFiction. _2fast _0(OCoLC)fst01423787 |
|
| 655 | 7 |
_aHumorous fiction. _2fast _0(OCoLC)fst01726649 |
|
| 655 | 7 |
_aJuvenile works. _2fast _0(OCoLC)fst01411637 |
|
| 655 | 7 |
_aHumorous fiction. _2lcgft |
|
| 700 | 1 |
_aTashjian, Jake, _d1994- _eillustrator. |
|
| 906 |
_a7 _bcbc _ccopycat _d2 _eepcn _f20 _gy-gencatlg |
||
| 942 |
_2ddc _cBK _n0 |
||
| 999 |
_c6003 _d6003 |
||